000 01179nam a2200265 a 4500
001 000004140
005 20250621074004.0
008 090717s2000 dr a 000 0 spa d
020 _z9993483427
040 _aDO-SdBNP
_bspa
_cBNPHU
082 _a923.27293
_bD446C
100 1 _aCassá, Roberto,
_d1948-
_910888
245 1 0 _aEugenio Deschamps :
_btribuno popular /
_cRoberto Cassá, ilustración Ramiro Manzano.
260 _aSanto Domingo :
_bTobogán,
_c2000.
_fAlfa y Omega
300 _a53 p. :
_bil. ;
_c20 cm.
490 1 _aBiografías dominicanas Tobogán ;
504 _aBibliografía : p.53
505 0 _tPrócer de su generación --
_tEl entorno de los gobiernos azules --
_tLas propuestas de sociedad --
_tReprobo contra Heureaux --
_tCenit del orador --
_tEl funcionario del partido --
_tLa postrera oposición a Estados Unidos --
_tBibliografía /
590 _aInventariado, 2018/ YL
600 1 4 _aDESCHAMPS, EUGENIO,
_y1861-1919
_vBIOGRAFÍAS
_9767
651 4 _aRepública Dominicana
_xHistoria
_9170
651 0 _aRepública Dominicana
_xPolítica y gobierno
_945
830 0 _aBiografías dominicanas Tobogán.
_9769
910 _aValidado. Control de calidad MMOLINA
999 _c3956
_d3956